000 00399nam a2200157Ia 4500
008 230917s9999||||xx |||||||||||||| ||und||
020 _cRS8.5
040 _e46107
_aMAIN
041 _aEnglish
082 _a824.09 J723E
100 _aJones, Phyllis M
245 0 _aEnglish critical essays 20th century
260 _aLondon
_bOxford University Press
_c1964
300 _axv, 399 p.
942 _cBK
999 _c194825
_d194825